NBA All-Star MVPs Quiz - Statistics

General Stats
  • This quiz has been taken 80 times
  • The average score is 40 of 68
Answer Stats
Year MVP Winner % Correct
2009 Kobe Bryant / Shaquille O'Neal
97%
2018 LeBron James
97%
2008 LeBron James
97%
2006 LeBron James
97%
1998 Michael Jordan
97%
1996 Michael Jordan
97%
1988 Michael Jordan
97%
2000 Tim Duncan / Shaquille O'Neal
94%
2011 Kobe Bryant
92%
2007 Kobe Bryant
92%
2002 Kobe Bryant
92%
1972 Jerry West
91%
1982 Larry Bird
89%
2004 Shaquille O'Neal
89%
1992 Magic Johnson
88%
1990 Magic Johnson
88%
2019 Kevin Durant
83%
2012 Kevin Durant
83%
2016 Russell Westbrook
82%
2015 Russell Westbrook
82%
1993 Karl Malone / John Stockton
75%
1960 Wilt Chamberlain
75%
2005 Allen Iverson
74%
2001 Allen Iverson
74%
1989 Karl Malone
74%
1994 Scottie Pippen
72%
1991 Charles Barkley
69%
2010 Dwyane Wade
69%
1963 Bill Russell
68%
1959 Elgin Baylor / Bob Pettit
65%
1983 Julius Erving
65%
1977 Julius Erving
65%
2014 Kyrie Irving
65%
1962 Bob Pettit
60%
1958 Bob Pettit
60%
1956 Bob Pettit
60%
1986 Isiah Thomas
60%
1984 Isiah Thomas
60%
2003 Kevin Garnett
58%
1957 Bob Cousy
57%
1954 Bob Cousy
57%
1969 Oscar Robertson
52%
1964 Oscar Robertson
52%
1961 Oscar Robertson
52%
2017 Anthony Davis
51%
2013 Chris Paul
42%
1970 Willis Reed
42%
1971 Lenny Wilkens
40%
1953 George Mikan
38%
1973 Dave Cowens
37%
1967 Rick Barry
37%
1979 David Thompson
34%
1975 Walt Frazier
31%
1966 Adrian Smith
28%
1980 George Gervin
28%
1978 Randy Smith
28%
1997 Glen Rice
26%
1952 Paul Arizin
25%
1981 Tiny Archibald
22%
1987 Tom Chambers
22%
1968 Hal Greer
18%
1974 Bob Lanier
14%
1985 Ralph Sampson
12%
1976 Dave Bing
11%
1965 Jerry Lucas
11%
1995 Mitch Richmond
11%
1955 Bill Sharman
8%
1951 Ed Macauley
3%
No matching quizzes found
Score Distribution
Percent of People with Each Score
Percentile by Number Answered
Your Score History
You have not taken this quiz